Online
Catalog

Obras Completas : (Record no. 19221)

MARC details
000 -CABECERA
campo de control de longitud fija 00901nam a2200241 a 4500
001 - NÚMERO DE CONTROL
campo de control 000019706
005 - FECHA Y HORA DE LA ÚLTIMA TRANSACCIÓN
campo de control 20200929170117.0
008 - DATOS DE LONGITUD FIJA--INFORMACIÓN GENERAL
campo de control de longitud fija 100702s1983 sp r 000 f spa d
020 ## - NÚMERO INTERNACIONAL ESTÁNDAR DEL LIBRO
Número Internacional Estándar del Libro 847530446X
040 ## - FUENTE DE LA CATALOGACIÓN
Centro catalogador/agencia de origen DO-SdBNP
Lengua de catalogación spa
Centro/agencia transcriptor BNPHU
082 ## - NÚMERO DE LA CLASIFICACIÓN DECIMAL DEWEY
Número de clasificación 839.3136
Número de documento/Ítem S589m
049 ## - FONDOS LOCALES (OCLC)
Fondos de biblioteca BNGR
100 1# - ENTRADA PRINCIPAL--NOMBRE DE PERSONA
Nombre de persona Simenón, Georges,
Fechas asociadas al nombre 1903-1989
9 (RLIN) 42150
245 10 - MENCIÓN DE TÍTULO
Título Obras Completas :
Resto del título Maigret y el perro canelo, Maigret en casa de los flamencos, Cécile ha muerto /
Mención de responsabilidad, etc. Georges Simenón ; traducción Carlos Suárez Morilla , Le Chien Jaune , Andrés Pampola , Ramón Hervás.
260 ## - PUBLICACIÓN, DISTRIBUCIÓN, ETC.
Lugar de publicación, distribución, etc. Barcelona :
Nombre del editor, distribuidor, etc. Ediciones Orbis,
Fecha de publicación, distribución, etc. 1983.
300 ## - DESCRIPCIÓN FÍSICA
Extensión T. 2 ;
Dimensiones 21 cm.
650 #4 - PUNTO DE ACCESO ADICIONAL DE MATERIA--TÉRMINO DE MATERIA
Término de materia o nombre geográfico como elemento de entrada Novela belga
9 (RLIN) 13814
650 #4 - PUNTO DE ACCESO ADICIONAL DE MATERIA--TÉRMINO DE MATERIA
Término de materia o nombre geográfico como elemento de entrada Literatura belga
9 (RLIN) 18345
700 1# - PUNTO DE ACCESO ADICIONAL--NOMBRE DE PERSONA
Nombre de persona Jaue, Le chien,
Término indicativo de función/relación tr.
9 (RLIN) 42151
700 1# - PUNTO DE ACCESO ADICIONAL--NOMBRE DE PERSONA
Nombre de persona Suárez Morilla, Carlos,
Término indicativo de función/relación tr.
9 (RLIN) 42152
700 1# - PUNTO DE ACCESO ADICIONAL--NOMBRE DE PERSONA
Nombre de persona Pampola, Andrés,
Término indicativo de función/relación tr.
9 (RLIN) 42153
700 1# - PUNTO DE ACCESO ADICIONAL--NOMBRE DE PERSONA
Nombre de persona Hervás, Ramón,
Término indicativo de función/relación tr.
9 (RLIN) 42154
Holdings
Estado de retiro Estado de pérdida Restricciones de uso No para préstamo Código de colección Localización permanente Ubicación/localización actual Ubicación en estantería Fecha de adquisición Número de inventario Total de préstamos Signatura topográfica completa Código de barras Fecha visto por última vez Precio válido a partir de Tipo de ítem Koha
        Monografías: Libros y Folletos General General En catalogación 02.07.2010 LF1   839.3136 S589m 19706-10 25.06.2020 25.06.2020 Préstamo en sala

Powered by Koha